000 00713nam a2200289Ia 4500
005 20260324134053.0
008 008 260324s9999 xx 000 0 eng d
020 _a9781315375960
037 _aEBOOK
040 _aCRL
040 _beng
040 _cCRL
041 _2eng
041 _aeng
084 _qCRL
100 _aJudith Belle Brown; Wayne Weston; Moira Stewart
_91195459
245 0 _aChallenges and Solutions in Patient-Centered Care
245 2 _bA Case Book
260 _bTaylor and Francis
260 _c2002
365 _a
365 _b255
856 _uhttp://www.taylorfrancis.com/books/9781315375960
942 _cEBOOK
999 _c1795139
_d1795139